Ludvík Kuba : stručný nákres života a díla /

Hlavní autor: Páta, Josef, 1886-1942
Jazyk: Čeština
Vydáno: Praha : Hudební matice Umělecké besedy, 1926
Vydání: Druhé, přepracované a doplněné vydání
Edice: H.M.
Externí odkaz: Digitalizovaný dokument
Fyzický popis: 30 stran, 4 nečíslovanéh listy obrazových příloh : ilustrace, portréty ; 23 cm
Knihy
Uloženo v:
LEADER 01202nam a22003252i 4500
001 000284324
003 CZ BrMZK
005 20180201090824.0
007 ta
008 030410s1926 xr f |||| 0 cze d
015 |a cnb000908360 
020 |q (Brožováno) 
035 |a (OCoLC)9428762 
040 |a ABA001  |b cze  |c ABA001  |d ABA001  |d BOA001  |e rda 
100 1 |a Páta, Josef,  |d 1886-1942  |7 jk01091858  |4 aut 
245 1 0 |a Ludvík Kuba :  |b stručný nákres života a díla /  |c Josef Páta 
250 |a Druhé, přepracované a doplněné vydání 
264 1 |a Praha :  |b Hudební matice Umělecké besedy,  |c 1926 
300 |a 30 stran, 4 nečíslovanéh listy obrazových příloh :  |b ilustrace, portréty ;  |c 23 cm 
336 |a text  |b txt  |2 rdacontent 
337 |a bez média  |b n  |2 rdamedia 
338 |a svazek  |b nc  |2 rdacarrier 
490 1 |a H.M. ;  |v 331 
504 |a Obsahuje bibliografie 
830 0 |a H.M. 
856 4 1 |u http://www.digitalniknihovna.cz/mzk/uuid/uuid:d919a140-cd54-11e4-8565-005056827e52  |y Digitalizovaný dokument  |x NDK 
910 |a BOA001  |b X-0596.320 
990 |a BK 
991 |b 201801 
996 6 |b 2619887100  |c X-0596.320  |l MZK  |r Sklad / do 24 hodin  |n 7  |w 000284324  |u 000010  |a 1  |e BOA001  |j MZK50  |s P